banner-ar

PUSHKIN AND ROMANTIC FASHION: FRAGMENT ELEGY ORIENT IRONY / (Record no. 25104)

MARC details
000 -الفاتح
حقل البيانات ثابتة الطول 00543nam a2200181Ia 4500
008 - عناصر البيانات ثابتة الطول - معلومات عامة
حقل البيانات ثابتة الطول 140319s9999 xx 000 0 eng d
040 ## - مصدر الفهرسة
وكالة الفهرسة الأصلية GCL /
وكالة النسخ GCL
082 04 - رقم تصنيف ديوى العشرى
رقم التصنيف 891.71
رقم المادة G P
100 1# - المدخل الرئيسى - إسم شخصى
الإسم الشخصى GREENLEAF, MONIKA
245 10 - بيان العنوان
العنوان PUSHKIN AND ROMANTIC FASHION: FRAGMENT ELEGY ORIENT IRONY /
بيان المسئوليه,etc GREENLEAF, MONIKA
260 ## - PUBLICATION, DISTRIBUTION, ETC. (IMPRINT)
تاريخ النشر أو التوزيع 1994
650 04 - المدخل الاضافى بالموضوع-مصطلح موضوعى
مصطلح موضوعي CRITICISM AND INTER PRETATION
650 04 - المدخل الاضافى بالموضوع-مصطلح موضوعى
مصطلح موضوعي ROMANTICISM
650 04 - المدخل الاضافى بالموضوع-مصطلح موضوعى
مصطلح موضوعي PUSHKIN, ALEKSANDR
650 04 - المدخل الاضافى بالموضوع-مصطلح موضوعى
مصطلح موضوعي SERGEERICH, 1799-1837
942 ## - عناصر المدخل الإضافي( كوها)
مصدر التصنيف او مخطط الترفيف Dewey Decimal Classification
Koha [default] item type كتاب
260 ## - PUBLICATION, DISTRIBUTION, ETC. (IMPRINT)
-- [S.N] :
-- STANFORD UNIVERSITY PRESS ،
Holdings
حالة التراجع حالة الفقد حالة تلف ليس للاعارة المكان المؤقت الموقع الحالى تاريخ الاكتساب اجمالي اﻻعارات رقم الطلب الباركود تاريخ اخر مشاهدة تاريخ تفعيل السعر نوع وعاء كوها
        مكتبة القاهرة الكبرى مكتبة القاهرة الكبرى 03/26/2014   891.71\G P 44316 03/26/2014 03/26/2014 كتاب
        مكتبة القاهرة الكبرى مكتبة القاهرة الكبرى 03/26/2014   891.71\G P 44317 03/26/2014 03/26/2014 كتاب

Powered By

EGPV